Score 0/24 Timer 02:00
0 Plays Today
Full Name Missing Name % Correct
Barack _____Obama
96%
_____ WinfreyOprah
94.8%
_____ Newton-JohnOlivia
92.2%
_____ WilsonOwen
89.2%
_____ BloomOrlando
85%
_____ De La HoyaOscar
82.8%
Conan _____O'Brien
82.7%
_____ WellesOrson
79.1%
_____ CromwellOliver
78.9%
_____ WrightOrville
75.4%
_____ ReddingOtis
75.3%
Olive _____Oyl
71.3%
Full Name Missing Name % Correct
_____ SharifOmar
70.8%
Annie _____Oakley
70.8%
Roy _____Orbison
68.5%
John _____Oates
64.4%
_____ von BismarckOtto
64.1%
Gary _____Oldman
57.9%
Danny _____Ocean
51.3%
Carroll _____O'Connor
40.1%
Edward James _____Olmos
39.2%
_____ III HaraldssonOlaf
35.7%
_____ NashOgden
33.3%
_____ in the UnderworldOrpheus
16.3%

Today's Daily Dose

Remove Ads.
Support Sporcle.
Get the best of Sporcle when you Go Orange. This ad-free experience offers more features, more stats, and more fun while also helping to support Sporcle. Thank you for becoming a member.

You're not logged in!

Compare scores with friends on all Sporcle quizzes.
OR
Log In

Show Comments

Extras

Top Quizzes Today


Score Distribution

Your Account Isn't Verified!

In order to create a playlist on Sporcle, you need to verify the email address you used during registration. Go to your Sporcle Settings to finish the process.

Report this User

Report this user for behavior that violates our Community Guidelines.

Details: